| Tag |
First Indicator |
Second Indicator |
Subfields |
| LEADER |
00000cam a2200000 a 4500 |
| 001 |
in00000915621 |
| 005 |
20150924144511.0 |
| 008 |
891020s1990 nyua 00110 eng |
| 010 |
|
|
|a 89025009
|
| 020 |
|
|
|a 0823025187 :
|c $45.00
|
| 035 |
|
|
|a (OCoLC)20594471
|
| 035 |
|
|
|9 AEP4341AM
|
| 040 |
|
|
|a DLC
|c DLC
|d TXA
|d UtOrBLW
|
| 043 |
|
|
|a n-us---
|
| 049 |
|
|
|a TXAM
|c [A13106935]
|
| 050 |
0 |
0 |
|a NC998.5.A1
|b G75 1990
|
| 082 |
0 |
0 |
|a 741.6
|2 20
|
| 100 |
1 |
|
|a Greiman, April.
|
| 245 |
1 |
0 |
|a Hybrid imagery :
|b the fusion of technology and graphic design /
|c April Greiman ; with overviews by Eric Martin.
|
| 264 |
|
1 |
|a New York :
|b Watson-Guptill,
|c 1990.
|
| 300 |
|
|
|a 158 pages :
|b illustrations (some color) ;
|c 27 cm.
|
| 336 |
|
|
|a text
|b txt
|2 rdacontent
|
| 337 |
|
|
|a unmediated
|b n
|2 rdamedia
|
| 338 |
|
|
|a volume
|b nc
|2 rdacarrier
|
| 500 |
|
|
|a Includes index.
|
| 650 |
|
0 |
|a Commercial art
|z United States
|x Themes, motives.
|
| 650 |
|
0 |
|a Computer art
|z United States
|x Themes, motives.
|
| 650 |
|
0 |
|a Graphic arts
|z United States
|x Themes, motives.
|
| 999 |
|
|
|a MARS
|
| 999 |
f |
f |
|s e4fd27c1-c32a-3a3a-9152-887e0bb41835
|i 068e52ec-fe08-31e4-bd6b-7dff39ce4166
|t 0
|
| 952 |
f |
f |
|p normal
|a Texas A&M University
|b College Station
|c Sterling C. Evans Library
|d Evans: Library Stacks
|t 0
|e NC998.5.A1 G75 1990
|h Library of Congress classification
|i unmediated -- volume
|m A14813106935
|
| 998 |
f |
f |
|a NC998.5.A1 G75 1990
|t 0
|l Evans: Library Stacks
|